Directors of Harrison Ford Movies - Statistics

General Stats
  • This quiz has been taken 70 times
  • The average score is 21 of 51
Answer Stats
Year Movie Director % Correct
2008 Indiana Jones and the Kingdom of the Crystal Skull Steven Spielberg
100%
1989 Indiana Jones and the Last Crusade Steven Spielberg
100%
1984 Indiana Jones and the Temple of Doom Steven Spielberg
100%
1981 Raiders of the Lost Ark Steven Spielberg
100%
1977 Star Wars George Lucas
96%
1973 American Graffiti George Lucas
96%
1982 Blade Runner Ridley Scott
87%
1974 The Conversation Francis Ford Coppola
76%
2015 Star Wars: The Force Awakens J. J. Abrams
74%
2017 Blade Runner 2049 Denis Villeneuve
72%
1980 The Empire Strikes Back Irvin Kershner
63%
2023 Indiana Jones and the Dial of Destiny James Mangold
61%
2013 Anchorman 2: The Legend Continues Adam McKay
59%
2011 Cowboys & Aliens Jon Favreau
56%
1986 The Mosquito Coast Peter Weir
50%
1985 Witness Peter Weir
50%
2000 What Lies Beneath Robert Zemeckis
50%
1991 Regarding Henry Mike Nichols
48%
1988 Working Girl Mike Nichols
48%
1997 Air Force One Wolfgang Petersen
48%
1983 Return of the Jedi Richard Marquand
46%
1988 Frantic Roman Polanski
46%
1997 The Devil’s Own Alan J. Pakula
41%
1990 Presumed Innocent Alan J. Pakula
41%
1993 The Fugitive Andrew Davis
41%
2002 K-19: The Widowmaker Kathryn Bigelow
41%
1999 Random Hearts Sydney Pollack
39%
1995 Sabrina Sydney Pollack
39%
1994 Clear and Present Danger Phillip Noyce
33%
1992 Patriot Games Phillip Noyce
33%
2025 Captain America: Brave New World Julius Onah
26%
2020 Call of the Wild Chris Sanders
22%
2013 Ender’s Game Gavin Hood
22%
2014 The Expendables 3 Patrick Hughes
22%
2013 42 Brian Helgeland
19%
1998 Six Days, Seven Nights Ivan Reitman
19%
2015 The Age of Adaline Lee Toland Krieger
17%
2003 Hollywood Homicide Ron Shelton
11%
2019 The Secret Life of Pets 2 Chris Renaud
9%
2013 Paranoia Robert Luketic
9%
2010 Morning Glory Roger Michell
9%
2009 Crossing Over Wayne Kramer
7%
1978 Force 10 from Navarone Guy Hamilton
6%
1977 Heroes Jeremy Paul Kagan
6%
1979 Hanover Street Peter Hyams
6%
1967 A Time for Killing Phil Karlson
6%
2006 Firewall Richard Loncraine
6%
1970 Getting Straight Richard Rush
6%
1979 The Frisco Kid Robert Aldrich
6%
2010 Extraordinary Measures Tom Vaughan
6%
1968 Journey to Shiloh William Hale
6%
No matching quizzes found
Score Distribution
Percent of People with Each Score
Percentile by Number Answered
Your Score History
You have not taken this quiz